Anime Protagonists - Statistics

General Stats
  • This quiz has been taken 232 times
  • The average score is 4 of 14
Answer Stats
Hint Answer % Correct
Death Note Light Yagami
89%
Fullmetal alchemist Edward Elric
77%
Pokemon Ash Ketchum
73%
Fairy Tale Natsu Dragneel
50%
Elfen Lied Lucy
45%
Hellsing Ultimate Alucard
27%
Future Diary Yuno Gasai
23%
Highschool DxD Issei Hyoudou
10%
Black lagoon Revy
10%
Highschool of the dead Takashi Komuro
5%
Another Koichi Sakakibara
4%
Higurashi no nako koro ni Keiichi Maebara
3%
Rosario Vampire Tsukune Aono
2%
MM! Taro Sado
1%
No matching quizzes found
Score Distribution
Percent of People with Each Score
Percentile by Number Answered
Your Score History
You have not taken this quiz